Name the "cities" in Metro Vancouver - Statistics

General Stats
  • This quiz has been taken 61 times
  • The average score is 13 of 18
Answer Stats
Hint Answer % Correct
N North Vancouver
96%
W West Vancouver
96%
B Burnaby
92%
V Vancouver
92%
S Surrey
90%
P Port Coquitlam
88%
C Coquitlam
85%
D Delta
85%
L Langley
85%
R Richmond
83%
P Port Moody
63%
N New Westminster
60%
W White Rock
52%
M Maple Ridge
48%
A Anmore
42%
B Belcarra
42%
P Pitt Meadows
38%
L Lion's Bay
31%
No matching quizzes found
Score Distribution
Percent of People with Each Score
Percentile by Number Answered
Your Score History
You have not taken this quiz